Highest CP Pokémon in Pokémon GO (2025) - Statistics

General Stats
  • This quiz has been taken 41 times
    20 since last reset
  • The average score is 40 of 50
Answer Stats
CP Type(s) Region Answer % Correct
5629 Fairy/Steel Galar Zacian (Crowned Sword)
100%
5007 Poison/Dragon Galar Eternatus
92%
4913 Normal Sinnoh Regigigas
92%
5010 Normal Hoenn Slaking
92%
4652 Ground Hoenn Groudon
85%
4652 Water Hoenn Kyogre
85%
5206 Dragon/Ice Unova Kyurem Black
85%
5206 Dragon/Ice Unova Kyurem White
85%
4724 Psychic Kanto Mewtwo
85%
4683 Dragon/Water Hisui Palkia (Origin Forme)
85%
4717 Fighting/Steel Galar Zamazenta (Crowned Shield)
85%
4227 Dark Sinnoh Darkrai
77%
4634 Psychic/Ghost Alola Dawn Wings Necrozma
77%
4565 Dragon/Steel Sinnoh Dialga
77%
4624 Dragon/Steel Hisui Dialga (Origin Forme)
77%
4287 Dragon/Flying Kanto Dragonite
77%
4634 Psychic/Steel Alola Dusk Mane Necrozma
77%
4479 Dragon/Ground Sinnoh Garchomp
77%
4164 Ghost/Dragon Sinnoh Giratina (Origin Forme)
77%
4244 Fire/Steel Sinnoh Heatran
77%
4367 Fire/Flying Johto Ho-Oh
77%
4530 Psychic/Dark Kalos Hoopa Unbound
77%
4156 Grass/Steel Alola Kartana
77%
4181 Water/Fighting Unova Keldeo (Ordinary Forme)
77%
4434 Ground/Flying Unova Landorus (Therian Forme)
77%
4310 Dragon/Psychic Hoenn Latios
77%
4186 Psychic/Flying Johto Lugia
77%
4570 Psychic/Ghost Alola Lunala
77%
4217 Fighting/Ghost Alola Marshadow
77%
4490 Normal/Psychic Unova Meloetta (Aria Forme)
77%
4286 Steel/Psychic Hoenn Metagross
77%
4465 Rock/Poison Alola Nihilego
77%
4512 Dragon/Water Sinnoh Palkia
77%
4336 Dragon/Flying Hoenn Rayquaza
77%
4565 Dragon/Fire Unova Reshiram
77%
4221 Ground/Rock Sinnoh Rhyperior
77%
4239 Dragon/Flying Hoenn Salamence
77%
4570 Psychic/Steel Alola Solgaleo
77%
4181 Rock/Fighting Unova Terrakion
77%
4335 Rock/Dark Johto Tyranitar
77%
4358 Ground/Normal Hisui Ursaluna
77%
4275 Fairy Kalos Xerneas
77%
4451 Electric Alola Xurkitree
77%
4275 Dark/Flying Kalos Yveltal
77%
4329 Fairy Galar Zacian (Hero of Many Battles)
77%
4329 Fighting Galar Zamazenta (Hero of Many Battles)
77%
4334 Grass/Dark Galar Zarude
77%
4565 Dragon/Electric Unova Zekrom
77%
4208 Dragon/Ground Kalos Zygarde (Complete Forme)
77%
4163 Psychic Alola Necrozma
69%
No matching quizzes found
Score Distribution
Percent of People with Each Score
Percentile by Number Answered
Your Score History
You have not taken this quiz since the last reset